| 000 | 00812nam a2200193Ia 4500 | ||
|---|---|---|---|
| 003 | IN-BaIIA | ||
| 008 | 211028s9999 xx 000 0 eng d | ||
| 020 | _a4-946443-22-3 | ||
| 040 | _cIIA Library | ||
| 080 |
_a52-735(082.2) _bNEW |
||
| 111 |
_aInternational Conference of the X-Ray Astronomy _cJapan _d1994 Mar. 8-11 _922278 |
||
| 245 | 0 |
_aNew horizon of x-ray astronomy _bproceedings of the International conference of the x-ray astronomy held in Tokyo Metropolitan University, Japan, March 8-11, 1994 _cedited by H. Makino and T. ohashi |
|
| 260 |
_aTokyo _bUniversal Academy Press _c1994 |
||
| 300 | _aIxvi, 683p. | ||
| 490 | _aFrontier science series; no. 12 (FSS-12) | ||
| 650 |
_aX-ray astronomy _97473 |
||
| 700 |
_aohashi, T., ed _922279 |
||
| 942 | _cBK | ||
| 999 |
_c12726 _d12726 |
||